| 000 | 00467cam a2200193ua 4500 | ||
|---|---|---|---|
| 001 | 8961 | ||
| 008 | 150219n ii |||gr||||Z||||||asm | ||
| 040 | _cMAIN | ||
| 041 | _aasm | ||
| 082 | _a891.4513 | ||
| 100 |
_aDeka. A. J., _eAuthor. |
||
| 245 | 1 |
_aBhaba ananda sambad _cBy Arunab Jan Deka |
|
| 250 | _a1st. | ||
| 260 |
_aGuwahati: _bPB, _c2007. |
||
| 300 | _a78p. | ||
| 653 | _aEast Indo-European & Celtic literatures | ||
| 653 | _aAssamese novel | ||
| 942 | _cBK | ||
| 999 |
_c8055 _d8055 |
||